| 000 | 00372nam a2200133Ia 4500 | ||
|---|---|---|---|
| 005 | 20260328104244.0 | ||
| 008 | 260328s9999||||xx |||||||||||||| ||und|| | ||
| 100 | _aBoza Díaz, Cristián | ||
| 245 | 0 |
_aLas 100 Obras de Arquitectura Latinoamericana del Siglo XX / _cCristián Boza Díaz |
|
| 260 | _bLos Andes | ||
| 300 | _a211 p. | ||
| 650 | _aLATINOAMERICA | ||
| 942 | _cBK | ||
| 999 |
_c10018 _d10018 |
||